Normal view
MARC view
- الأدب - الأنواع الأدبية - ترجمة
Entry Topical Term
001 - CONTROL NUMBER
- control field: 18525
003 - CONTROL NUMBER IDENTIFIER
- control field: JO-AjAnu
005 - DATE AND TIME OF LATEST TRANSACTION
- control field: 20230606073242.0
008 - FIXED-LENGTH DATA ELEMENTS
- fixed length control field: 230606|| aca||aabn | a|a d
040 ## - CATALOGING SOURCE
- Original cataloging agency: JO-AjAnu
- Transcribing agency: JO-AjAnu
150 ## - HEADING--TOPICAL TERM
- Topical term or geographic name entry element: الأدب - الأنواع الأدبية - ترجمة
670 ## - SOURCE DATA FOUND
- Source citation: Work cat.: (JO-AjAnu)9508: ترجمة حجار،طاهر ؛ تقديم محمود الربداوي, author 18524, الأدب والأنواع الأدبية